000 01363nam a2200337Ia 4500
001 ebr10515912
003 CaPaEBR
006 m u
007 cr cn|||||||||
008 111006s2012 ne a sb 001 0 eng d
010 _z 2011037982
020 _z9789004211506
020 _z9789004214613
040 _aCaPaEBR
_cCaPaEBR
035 _a(OCoLC)777548338
050 1 4 _aQB88
_b.F86 2012eb
082 0 4 _a522/.209
_223
245 0 0 _aFrom Earth-bound to satellite
_h[electronic resource] :
_btelescopes, skills, and networks /
_cedited by Alison D. Morrison-Low ... [et al.].
260 _aLeiden ;
_aBoston :
_bBrill,
_cc2012.
300 _axxix, 265 p. :
_bill.
490 1 _aHistory of science and medicine library ;
_vv. 23
504 _aIncludes bibliographical references and index.
533 _aElectronic reproduction.
_bPalo Alto, Calif. :
_cebrary,
_d2013.
_nAvailable via World Wide Web.
_nAccess may be limited to ebrary affiliated libraries.
650 0 _aTelescopes
_xHistory.
650 0 _aAstronomical instruments
_xHistory.
655 7 _aElectronic books.
_2local
700 1 _aMorrison-Low, A. D.
710 2 _aebrary, Inc.
830 0 _aHistory of science and medicine library ;
_vv. 23.
856 4 0 _uhttp://site.ebrary.com/lib/rucke/Doc?id=10515912
_zAn electronic book accessible through the World Wide Web; click to view
999 _c121732
_d121732